00322 2200133 4500001002100000005001500021035002000036245005600056100001900112260002300131082000800154084001400162990001200176INLIS00000000000306020250919085740 a0010-09250004071 aKamus Lengkap Inggris - Indonesia /cPriyo Darmanto0 aPriyo Darmanto aSurabaya :bArloka a420 a420 PRI k a0755575